Education during adolescence ; based partly on G. Stanley Hall's psychology of adolescence /

Bibliographic Details
Main Author: Mackie, Ransom A.
Other Authors: Hall, G. Stanley (Granville Stanley), 1844-1924
Format: Book
Language:English
Published: New York : E. P. Dutton & company, [1920]
Subjects:

MARC

Tag First Indicator Second Indicator Subfields
LEADER 00000cam a2200000 4500
001 in00000068210
005 20151008051939.0
008 790427s1920 nyu b 00010 eng
010 |a  20004028  
035 |a (OCoLC)04903430 
035 |9 AAH0880AM 
040 |a DLC  |c KEU  |d TXA  |d UtOrBLW 
049 |a TXAM  |c 1 [20446]  
050 0 |a LB1607  |b .M3 
092 |a 373  |b M158e 
100 1 |a Mackie, Ransom A. 
245 1 0 |a Education during adolescence ;  |b based partly on G. Stanley Hall's psychology of adolescence /  |c by Ransom A. Mackie ... with an introduction by G. Stanley Hall. 
264 1 |a New York :  |b E. P. Dutton & company,  |c [1920] 
264 4 |c [©1920] 
300 |a xv pages, 1 leaf, 222 pages ;  |c 19 cm. 
336 |a text  |b txt  |2 rdacontent 
337 |a unmediated  |b n  |2 rdamedia 
338 |a volume  |b nc  |2 rdacarrier 
500 |a Reprinted in part from various periodicals. 
504 |a Bibliography: pages 196-218. 
650 0 |a Education, Secondary. 
650 0 |a Adolescence. 
700 1 |a Hall, G. Stanley  |q (Granville Stanley),  |d 1844-1924. 
999 |a MARS 
999 f f |s fbe6fefc-e2bb-3529-a773-a851d1b38b4b  |i 458dcf57-566a-3286-8f64-ec02471db506  |t 0 
952 f f |p normal  |a Texas A&M University  |b College Station  |c Sterling C. Evans Library  |d Evans: Library Stacks  |t 0  |e LB1607 .M3  |h Library of Congress classification  |i unmediated -- volume  |m A14800854927 
998 f f |a LB1607 .M3  |t 0  |l Evans: Library Stacks